000
00338 a2200157 4500
001
176507
020
_a
040
_c
Magnum
100
_a
Vasconcelos, Naumi de
240
1
0
_a
Sexo: questao de metodo
_l
por
245
1
0
_a
Sexo: questao de metodo
362
0
_a
1899
440
1
_a
Moderna
697
_a
MAGNITO: EDUCACAO
942
_c
BK
999
_c
176507
_d
176507